Normal view
MARC view
Entry Topical Term
001 - CONTROL NUMBER
- control field: 22189
003 - CONTROL NUMBER IDENTIFIER
- control field: ARRUPE
005 - DATE AND TIME OF LATEST TRANSACTION
- control field: 20160210100811.0
008 - FIXED-LENGTH DATA ELEMENTS
- fixed length control field: 160210|| aca||aabn | a|a d
040 ## - CATALOGING SOURCE
- Original cataloging agency: ARRUPE
- Transcribing agency: ARRUPE
150 ## - HEADING--TOPICAL TERM
- Topical term or geographic name as entry element: Rhodesian printing and publishing company
670 ## - SOURCE DATA FOUND
- Source citation: Work cat.: (ARRUPE): Gale, William Daniel 22052, The Rhodesian press, 1962